[Event "GER-chT U10"]
[Site "Magdeburg"]
[Date "2016.12.29"]
[Round "6.3"]
[White "Graf, Micha"]
[Black "Stockmann, Pit"]
[Result "0-1"]
[WhiteElo "600"]
[BlackElo "735"]
[PlyCount "52"]
[EventDate "2016.12.27"]
[EventType "team-swiss"]
[EventRounds "7"]
[EventCountry "GER"]
[SourceTitle "EXT 2018"]
[Source "ChessBase"]
[SourceDate "2017.10.13"]
[SourceVersion "1"]
[SourceVersionDate "2017.10.13"]
[SourceQuality "1"]
[WhiteTeam "Hemer"]
[BlackTeam "Graefenhainichen"]
[WhiteTeamCountry "GER"]
[BlackTeamCountry "GER"]

1. e4 e5 2. Nf3 Nc6 3. Bc4 Nf6 4. 0-0 Bb4 5. d3 d6 6. Bg5 Bg4 7. Qc1 0-0 8. Nbd2 Bxd2 9. Nxd2 Nd4 10. Re1 h6 11. Be3 Be2 12. Rxe2 Nxe2+ 13. Kf1 Nxc1 14. Rxc1 Ng4 15. Nb3 Nxe3+ 16. Ke1 Nxc4 17. dxc4 c6 18. Na5 d5 19. Nxb7 Qc8 20. Nd6 Qd7 21. c5 dxe4 22. Rd1 Rab8 23. b3 Rbd8 24. Rd2 Rfe8 25. Re2 Re6 26. Nc4 Qd1# 0-1